000 00910nam a2200193 a 4500
008 121019s1996 ||||||||||||||||| || u
050 _aPAPERS/STAFF
100 _aSiziya, Seter
245 1 0 _aFactors associated with Human Anthrax outbreak in the Chikupo and Ngandu villages of Murewa district in Mashonaland East Province, Zimbabwe
_cby Seter Siziya, K. S. Mwenye and D. Peterson
260 _aLusaka:
_bUniversity of Zambia, School of Medicine
_c1996
300 _ap. 312 - p. 315: ill.
490 _aCentral African Journal of Medicine
490 _vVol. 42, No. 11
500 _aBibliography
650 _aDISEASES--OUTBREAKS--ZIMBABWE
650 _aANTHRAX--HUMAN--CHIKUPO VILLAGE, ZIMBABWE
650 _aANTHRAX--HUMAN--NGANDU VILLAGE--ZIMBABWE
995 _aSPECIAL COLLECTIONS
_e333
_FCBU-SCHOOL OF MEDICINE LIBRARY (Ndola)
_jPAPERS/STAFF/SIZIYA
_M1
_UAVAILABLE
_WDec 6, 2012
_yB333
_ZZambiana Collection
999 _c31435
_d31435